Villes du monde traduites en français - Statistiques

Statistiques générales
  • Ce quiz a été pris 683 fois
  • Le résultat moyen est 8 sur 24
Statistiques - réponses
Version française Origine Nom de la ville % Correct
Capitale de l'Est Japonais Tokyo
91%
Les Anges Espagnol Los Angeles
80%
La Paix Espagnol La Paz
75%
Maison Blanche Espagnol Casablanca
63%
Rivière de Janvier Portugais Rio de Janeiro
52%
Gué des Francs Allemand Francfort
49%
Ville de l'Islam Ourdou Islamabad
48%
Ascension Espagnol Asuncion
45%
Ville de la Volga Russe Volgograd
45%
Au-dessus de la mer Mandarin Shanghai
39%
Colline du Printemps Hébreu Tel Aviv
39%
Trois Villes Grec Tripoli
22%
Fondée par Dieu Perse Bagdad
18%
Forteresse Portugais Fortaleza
18%
Les jardins Arabe Riyad
14%
Ville Blanche Slave Belgrade
13%
"Dans la ville" Grec Istanbul
13%
Marché au Sel Kikongo Kinshasa
13%
Ruisseau d'eau boueuse Anglais Liverpool
10%
Je vois une montagne Portugais Montevideo
9%
Ville du Lion Sanskrit Singapour
8%
Puits lointain Touareg Tombouctou
6%
Ville Nouvelle Grec Naples
5%
Abri en bois Sanskrit Katmandou
3%
Aucun quiz correspondant
Distribution des résultats
% des personnes avec chaque résultat
Percentile par nombre de réponses
Votre historique - résultats
Vous n’avez pas pris ce quiz